LEADER 01366nam a2200301 u 4500 001 000000050671 003 CaOOAMICUS 005 20070226115242.0 008 000824s1974 pau u000 u eng u 020 $a0800610873 035 $a10853971 040 $aPUL(R)$bita 100 1 $aKlein, Ralph W.$0(OLS)http://pul/name/36438 245 10$aTextual criticism of the Old Testament :$bthe Septuagint after Qumran /$cby Ralph W. Klein. 260 $aPhiladelphia :$bFortress Press,$c1974. 300 $a84 p. ;$c21 cm 490 1 $aGuides to Biblical scholarship.$aOld Testament guides 504 $aBibliografia p. 84. 630 04$aBiblia.$pV.T.$xCritica e interpretazione.$0(OLS)http://pul/subject/3062 630 04$aBiblia.$pV.T.$lGreco.$sSeptuaginta.$0(OLS)http://pul/subject/15191 830 0$aGuides to Biblical scholarship.$pOld Testament guides.$0(OLS)http://pul/title/68171 850 $aPUL 852 $aPUL$W1$xDP1 Fondo Ciprotti$y59$m1534 F 26$j67172$nBK-PRI$b $qFondi$B67172$CPULBib$Z2$F67172 $H $81 941 1 $a1 961 $aINV: 0695. Fondo Ciprotti 996 $6020$a0800610873$9(OLS)http://pul/number/64139 996 $6245$aTextual criticism of the Old Testament :$bthe Septuagint after Qumran$9(OLS)http://pul/title/68192 996 $6260$aPhiladelphia :$bFortress Press$9(OLS)http://pul/publisher/53329 LEADER 01607nam a2200349 u 4500 001 000000065489 003 CaOOAMICUS 005 20070226121454.0 008 011207s1999 fr u000 u fre u 020 $a2204063282 035 $a10913236 040 $aPUL$bita 041 1 $afre$hger 100 1 $aMoltmann, Jürgen,$d1926-2024.$0(OLS)http://pul/name/12676 240 10$aGekreuzichte Gott : das Kreuz Christi als Grund und Kritik christlicher Theologie.$lFrancese.$0(OLS)http://pul/title/87109 245 13$aLe Dieu crucifié :$bla croix du Christ, fondement et critique de la theologie chrétienne /$cJürgen Moltmann ; traduit de l'allemand par B. Fraigneau-Julien. 250 $a3éme ed. 260 $aParis :$bCerf,$c1999. 300 $a387 p. ;$c23 cm 490 1 $aCogitatio fidei ;$v80 500 $aContiene tavola dei contenuti ed indice dei nomi. 504 $aBibliografia in nota. 650 4$aTeologia.$0(OLS)http://pul/subject/118 650 4$aDio.$0(OLS)http://pul/subject/3878 710 1 $aFraigneau-Jiulien, B.$0(OLS)http://pul/name/44092 830 0$aCogitatio fidei ;$v80.$0(OLS)http://pul/title/876 850 $aPUL 852 $aPUL$W1$xSL Religione 2$y84$mTheol A13 80$j84779$nBK-PRI$b $qStampati altre collocazioni$B84779$CPULBib$Z2$F84779 $H $81 941 1 $a10 996 $6020$a2204063282$9(OLS)http://pul/number/84943 996 $6245$aLe Dieu crucifié :$bla croix du Christ, fondement et critique de la theologie chrétienne$9(OLS)http://pul/title/87110 996 $6260$aParis :$bCerf$9(OLS)http://pul/publisher/48238